书目信息 |
| 题名: |
文物与地理
|
|
| 作者: | 朱玲玲 著 | |
| 分册: | ||
| 出版信息: | 北京 东方出版社 2000.04 |
|
| 页数: | 257页 | |
| 开本: | 32开 | |
| 丛书名: | ||
| 单 册: | ||
| 中图分类: | K87 | |
| 科图分类: | ||
| 主题词: | 文物--考古--中国 | |
| 电子资源: | ||
| ISBN: | 7-5060-1345-2 | |
| 000 | 00526nam0 2200193 45 | |
| 001 | 0001151708 | |
| 005 | 20000115170940.1 | |
| 010 | @a7-5060-1345-2@d21.00元 | |
| 100 | @a20000115d2000 km y0chiy0120 ea | |
| 101 | 0 | @achi |
| 105 | @a z 000yy | |
| 200 | 1 | @a文物与地理@AWen Wu Yu Di Li@f朱玲玲著@FZhu Ling Ling Zhu |
| 210 | @a北京@c东方出版社@d2000.04 | |
| 215 | @a257页@d32开 | |
| 606 | 0 | @a文物@x考古@x中国 |
| 690 | @aK87@v3 | |
| 701 | 0 | @a朱玲玲@4著 |
| 801 | @aCN@bPftUser@c20000115 | |
| 905 | @b402277-279@dK87@eZH453@f3 | |
| 文物与地理/朱玲玲著.-北京:东方出版社,2000.04 |
| 257页;32开 |
| ISBN 7-5060-1345-2:21.00元 |
| ● |
| 相关链接 |
|
|
|
正题名:文物与地理
索取号:K87/ZH453
 
预约/预借
| 序号 | 登录号 | 条形码 | 馆藏地/架位号 | 状态 | 备注 |
| 1 | 402277 | 204022770 | 自科二线404/309社科库 10排2列2层/ [索取号:K87/ZH453] | 在馆 | |
| 2 | 402278 | 204022789 | 社科库309/309社科库 7排2列6层/ [索取号:K87/ZH453] | 在馆 | |
| 3 | 402279 | 204022798 | 自科二线404/400A自科库 53排1列3层/ [索取号:K87/ZH453] | 在馆 |